The design and analysis of computer algorithms (Record no. 5330)
[ view plain ]
| 000 -LEADER | |
|---|---|
| fixed length control field | 00505nam a2200181Ia 4500 |
| 003 - CONTROL NUMBER IDENTIFIER | |
| control field | SGT |
| 020 ## - INTERNATIONAL STANDARD BOOK NUMBER | |
| International Standard Book Number | 9788131702055 |
| 082 ## - DEWEY DECIMAL CLASSIFICATION NUMBER | |
| Classification number | 4 |
| Item number | AHO |
| 100 ## - MAIN ENTRY--PERSONAL NAME | |
| Personal name | Aho,Alfred V |
| 245 #4 - TITLE STATEMENT | |
| Title | The design and analysis of computer algorithms |
| 260 ## - PUBLICATION, DISTRIBUTION, ETC. (IMPRINT) | |
| Name of publisher, distributor, etc | Pearson |
| Place of publication, distribution, etc | N.Delhi |
| Year of Publication | 2009 |
| 300 ## - PAGE DESCRIPTION | |
| No. of Pages | 470p. |
| 650 ## - SUBJECT ADDED ENTRY--TOPICAL TERM | |
| Topical term or geographic name as entry element | COMPUTER SCIENCE |
| 653 ## - KEYWORDS--INDEX TERM | |
| Keyword term | MODELS OF COMPUTATION, DESIGN OF EFFICIENT ALGORITHMS, SORTING AND ORDER STATISTICS |
| 700 ## - ADDED ENTRY--PERSONAL NAME | |
| Personal name | Hopcroft,John E |
| 700 ## - ADDED ENTRY--PERSONAL NAME | |
| Personal name | Ullman.Jeffrey D |
| 942 ## - ADDED ENTRY ELEMENTS (KOHA) | |
| Source of classification or shelving scheme | Dewey Decimal Classification |
| Koha item type | Books |
| 942 ## - ADDED ENTRY ELEMENTS (KOHA) | |
| -- | 3 |
| Withdrawn status | Lost status | Source of classification or shelving scheme | Damaged status | Not for loan | Home library | Current library | Date acquired | SGTU | Total Checkouts | Full call number | Accession No. (Barcode) | Date last seen | Bill Date | Koha item type | Date last borrowed |
|---|---|---|---|---|---|---|---|---|---|---|---|---|---|---|---|
| Dewey Decimal Classification | SGT Engineering Library | SGT Engineering Library | 24/09/2011 | SGTU | 4 AHO | FE4054 | 09/02/2015 | 09/02/2015 | Books | ||||||
| Dewey Decimal Classification | SGT Engineering Library | SGT Engineering Library | 24/09/2011 | SGTU | 4 AHO | FE4055 | 09/02/2015 | 09/02/2015 | Books | ||||||
| Dewey Decimal Classification | SGT Engineering Library | SGT Engineering Library | 24/09/2011 | SGTU | 2 | 4 AHO | FE4056 | 13/01/2021 | 09/02/2015 | Books | 20/03/2020 | ||||
| Dewey Decimal Classification | SGT Engineering Library | SGT Engineering Library | 24/09/2011 | SGTU | 3 | 4 AHO | FE4057 | 11/04/2024 | 09/02/2015 | Books | 11/04/2024 | ||||
| Dewey Decimal Classification | SGT Engineering Library | SGT Engineering Library | 24/09/2011 | SGTU | 2 | 4 AHO | FE4058 | 19/01/2021 | 09/02/2015 | Books | 20/03/2020 |